[Event "Czech Open A 1-44"]
[Site "?"]
[Date "2013.07.27"]
[Round "9.29"]
[White "Bryzgalin, Kirill"]
[Black "Akkozov, Berik"]
[Result "1/2-1/2"]
[LiveChessVersion "1.4.2"]
[BlackElo "2377"]
[WhiteElo "2470"]

1. e4 {[%clk 1:30:58]} c5 {[%clk 1:30:54]} 2. Nf3 {[%clk 1:31:23]} d6
{[%clk 1:31:21]} 3. d4 {[%clk 1:30:12]} Nf6 {[%clk 1:31:44]} 4. Nc3
{[%clk 1:30:24]} cxd4 {[%clk 1:32:09]} 5. Nxd4 {[%clk 1:30:39]} a6
{[%clk 1:32:28]} 6. Be3 {[%clk 1:30:56]} e5 {[%clk 1:32:43]} 7. Nf3
{[%clk 1:31:17]} Qc7 {[%clk 1:33:04]} 8. a4 {[%clk 1:31:34]} Be7 {[%clk 1:33:25]}
9. a5 {[%clk 1:31:44]} O-O {[%clk 1:33:09]} 10. Be2 {[%clk 1:31:42]} Nc6
{[%clk 1:33:25]} 11. Bb6 {[%clk 1:31:39]} Qb8 {[%clk 1:33:37]} 12. O-O
{[%clk 1:31:42]} Bd8 {[%clk 1:05:50]} 1/2-1/2

[Event "Czech Open A 1-44"]
[Site "?"]
[Date "2013.07.27"]
[Round "9.31"]
[White "Fernando, Diogo"]
[Black "Pagerka, Martin"]
[Result "1-0"]
[LiveChessVersion "1.4.2"]
[BlackElo "2213"]
[WhiteElo "2465"]

1. e4 {[%clk 1:24:04]} e5 {[%clk 1:28:14]} 2. Nf3 {[%clk 1:24:18]} Nc6
{[%clk 1:28:40]} 3. Bc4 {[%clk 1:21:24]} Nf6 {[%clk 1:28:13]} 4. d3
{[%clk 1:21:45]} Be7 {[%clk 1:28:07]} 5. O-O {[%clk 1:22:02]} d6 {[%clk 1:28:04]}
6. a4 {[%clk 1:21:12]} O-O {[%clk 1:25:32]} 7. Re1 {[%clk 1:21:16]} Bg4
{[%clk 1:19:08]} 8. Nbd2 {[%clk 1:19:09]} Qd7 {[%clk 1:19:08]} 9. c3
{[%clk 1:14:51]} Rad8 {[%clk 1:16:09]} 10. h3 {[%clk 1:08:22]} Be6
{[%clk 1:12:19]} 11. a5 {[%clk 1:07:16]} a6 {[%clk 1:05:56]} 12. Qb3
{[%clk 1:03:20]} Qc8 {[%clk 1:05:34]} 13. Nf1 {[%clk 1:01:07]} Bxc4
{[%clk 1:04:11]} 14. dxc4 {[%clk 1:00:15]} Nh5 {[%clk 1:02:38]} 15. Ne3
{[%clk 0:59:23]} Nf4 {[%clk 1:03:01]} 16. Qc2 {[%clk 0:58:16]} g6
{[%clk 1:02:16]} 17. Nd5 {[%clk 0:57:56]} Nxd5 {[%clk 1:01:17]} 18. cxd5
{[%clk 0:58:19]} Nb8 {[%clk 1:01:39]} 19. Bh6 {[%clk 0:58:30]} Rfe8
{[%clk 1:01:55]} 20. c4 {[%clk 0:55:46]} f6 {[%clk 1:02:01]} 21. Be3
{[%clk 0:54:16]} c5 {[%clk 0:58:51]} 22. dxc6 {[%clk 0:50:21]} Qxc6
{[%clk 0:57:16]} 23. Rac1 {[%clk 0:44:20]} Nd7 {[%clk 0:54:30]} 24. b4
{[%clk 0:40:42]} Nf8 {[%clk 0:47:46]} 25. Qd3 {[%clk 0:38:33]} Rc8
{[%clk 0:46:44]} 26. b5 {[%clk 0:37:05]} Qd7 {[%clk 0:45:48]} 27. Red1
{[%clk 0:36:21]} Qe6 {[%clk 0:44:16]} 28. Nd2 {[%clk 0:29:37]} Nd7
{[%clk 0:43:18]} 29. Nb3 {[%clk 0:29:18]} Red8 {[%clk 0:33:37]} 30. f3
{[%clk 0:24:03]} f5 {[%clk 0:27:09]} 31. Kh2 {[%clk 0:22:06]} h5 {[%clk 0:26:06]}
32. Kh1 {[%clk 0:13:03]} Kf7 {[%clk 0:17:02]} 33. exf5 {[%clk 0:12:54]} gxf5
{[%clk 0:17:26]} 34. f4 {[%clk 0:12:45]} axb5 {[%clk 0:15:20]} 35. cxb5
{[%clk 0:12:24]} Nc5 {[%clk 0:15:44]} 36. Nxc5 {[%clk 0:10:52]} dxc5
{[%clk 0:16:10]} 37. Qe2 {[%clk 0:11:03]} e4 {[%clk 0:15:32]} 38. Qxh5+
{[%clk 0:09:48]} Qg6 {[%clk 0:14:35]} 39. Qe2 {[%clk 0:09:31]} Qe6
{[%clk 0:12:13]} 40. Rxd8 {[%clk 0:38:51]} Bxd8 {[%clk 0:41:42]} 41. a6
{[%clk 0:35:40]} bxa6 {[%clk 0:40:02]} 42. bxa6 {[%clk 0:35:17]} Be7
{[%clk 0:36:18]} 43. Rb1 {[%clk 0:34:45]} Kg6 {[%clk 0:30:21]} 44. a7
{[%clk 0:33:10]} Qd6 {[%clk 0:25:42]} 45. Qa2 {[%clk 0:31:22]} Ra8
{[%clk 0:25:35]} 46. Rb7 {[%clk 0:30:34]} Qd1+ {[%clk 0:21:26]} 47. Kh2
{[%clk 0:30:10]} Qd6 {[%clk 0:21:52]} 48. Qb3 Kg7 {[%clk 0:20:52]} 49. Bc1
{[%clk 0:27:06]} c4 {[%clk 0:18:58]} 50. Qxc4 {[%clk 0:26:26]} Rf8
{[%clk 0:17:36]} 51. Be3 {[%clk 0:26:16]} 1-0

[Event "Czech Open A 1-44"]
[Site "?"]
[Date "2013.07.27"]
[Round "9.32"]
[White "Malinovsky-Jun., Karel"]
[Black "Triapishko, Olexandr"]
[Result "1-0"]
[LiveChessVersion "1.4.2"]
[BlackElo "2221"]
[WhiteElo "2462"]

1. e4 {[%clk 1:30:57]} c5 {[%clk 1:30:54]} 2. Nf3 {[%clk 1:31:22]} e6
{[%clk 1:31:14]} 3. d4 {[%clk 1:31:47]} cxd4 {[%clk 1:31:37]} 4. Nxd4
{[%clk 1:32:13]} Nc6 {[%clk 1:32:01]} 5. Nb5 {[%clk 1:31:57]} d6 {[%clk 1:31:02]}
6. c4 {[%clk 1:32:21]} Nf6 {[%clk 1:30:29]} 7. N1c3 {[%clk 1:32:39]} a6
{[%clk 1:29:50]} 8. Na3 {[%clk 1:33:03]} Be7 {[%clk 1:29:21]} 9. Be2
{[%clk 1:32:44]} O-O {[%clk 1:28:58]} 10. O-O {[%clk 1:32:52]} b6
{[%clk 1:22:10]} 11. Be3 {[%clk 1:33:16]} Nd7 {[%clk 1:17:14]} 12. Rc1
{[%clk 1:30:32]} Bb7 {[%clk 1:13:26]} 13. Qd2 {[%clk 1:29:04]} Rc8
{[%clk 1:04:26]} 14. Nab1 {[%clk 1:24:33]} Nce5 {[%clk 0:54:03]} 15. b3
{[%clk 1:22:06]} Nf6 {[%clk 0:49:23]} 16. f3 {[%clk 1:20:09]} Ned7
{[%clk 0:41:17]} 17. Rfd1 {[%clk 1:19:05]} Qc7 {[%clk 0:40:52]} 18. Bf1
{[%clk 1:16:06]} Rfd8 {[%clk 0:31:30]} 19. Qf2 {[%clk 1:14:45]} Qb8
{[%clk 0:23:15]} 20. Na4 {[%clk 1:03:45]} Nc5 {[%clk 0:20:22]} 21. Nxb6
{[%clk 0:53:29]} Rc6 {[%clk 0:20:41]} 22. b4 {[%clk 0:47:08]} Rxb6
{[%clk 0:18:39]} 23. bxc5 {[%clk 0:47:33]} Rc6 {[%clk 0:11:00]} 24. Bf4
{[%clk 0:44:02]} Rxc5 {[%clk 0:04:40]} 25. Qxc5 {[%clk 0:42:40]} dxc5
{[%clk 0:05:05]} 26. Bxb8 {[%clk 0:43:03]} Rxb8 {[%clk 0:05:34]} 27. e5
{[%clk 0:41:23]} Ne8 {[%clk 0:03:44]} 28. Nc3 {[%clk 0:40:09]} Bc6
{[%clk 0:03:03]} 29. Rb1 {[%clk 0:39:29]} Rc8 {[%clk 0:02:06]} 30. Rb6
{[%clk 0:37:58]} Bg5 {[%clk 0:01:49]} 31. Rxa6 {[%clk 0:35:23]} Bf4
{[%clk 0:01:48]} 32. Nb5 {[%clk 0:32:37]} Bxb5 {[%clk 0:01:10]} 33. cxb5
{[%clk 0:33:02]} c4 {[%clk 0:01:31]} 34. Rc6 {[%clk 0:32:03]} Rxc6
{[%clk 0:01:35]} 35. bxc6 {[%clk 0:32:27]} c3 {[%clk 0:02:02]} 36. Rd8
{[%clk 0:31:52]} 1-0

[Event "Czech Open A 1-44"]
[Site "?"]
[Date "2013.07.27"]
[Round "9.33"]
[White "Lintchevski, Daniil"]
[Black "Usmanov, Vasily"]
[Result "1-0"]
[LiveChessVersion "1.4.2"]
[BlackElo "2386"]
[WhiteElo "2529"]

1. d4 {[%clk 1:30:55]} Nf6 {[%clk 1:30:53]} 2. c4 {[%clk 1:31:20]} e6
{[%clk 1:31:18]} 3. Nc3 {[%clk 1:31:45]} d5 {[%clk 1:31:44]} 4. cxd5
{[%clk 1:30:51]} exd5 {[%clk 1:32:03]} 5. Bg5 {[%clk 1:31:04]} Be7
{[%clk 1:32:23]} 6. e3 {[%clk 1:30:12]} c6 {[%clk 1:32:17]} 7. Qc2
{[%clk 1:28:33]} Nbd7 {[%clk 1:31:57]} 8. Bd3 {[%clk 1:26:52]} O-O
{[%clk 1:31:37]} 9. h3 {[%clk 1:21:42]} Re8 {[%clk 1:31:42]} 10. Nf3
{[%clk 1:20:04]} Nf8 {[%clk 1:27:55]} 11. Bxf6 {[%clk 1:12:09]} Bxf6
{[%clk 1:28:21]} 12. O-O {[%clk 1:12:24]} g6 {[%clk 1:23:29]} 13. b4
{[%clk 1:12:38]} Ne6 {[%clk 1:22:54]} 14. Na4 {[%clk 1:08:51]} a6
{[%clk 1:17:07]} 15. Nc5 {[%clk 1:07:00]} Qd6 {[%clk 1:09:00]} 16. a4
{[%clk 0:59:54]} Nxc5 {[%clk 1:02:04]} 17. Qxc5 {[%clk 0:53:55]} Qxc5
{[%clk 0:59:33]} 18. bxc5 {[%clk 0:54:23]} Be6 {[%clk 0:59:56]} 19. g4
{[%clk 0:39:12]} h6 {[%clk 0:58:59]} 20. Kg2 {[%clk 0:38:32]} Rad8
{[%clk 0:47:27]} 21. Kg3 {[%clk 0:37:11]} Kg7 {[%clk 0:43:56]} 22. h4
{[%clk 0:36:02]} Rd7 {[%clk 0:43:50]} 23. g5 {[%clk 0:30:30]} Bd8
{[%clk 0:42:17]} 24. Ne5 {[%clk 0:30:06]} Bc7 {[%clk 0:42:37]} 25. f4
{[%clk 0:30:03]} Bxe5 {[%clk 0:41:50]} 26. gxh6+ {[%clk 0:29:38]} Kxh6
{[%clk 0:42:11]} 27. fxe5 {[%clk 0:29:58]} Kg7 {[%clk 0:41:19]} 28. Rf6
{[%clk 0:25:58]} Rde7 {[%clk 0:40:23]} 29. a5 {[%clk 0:22:06]} Rh8
{[%clk 0:40:41]} 30. Raf1 {[%clk 0:21:32]} Rh5 {[%clk 0:39:28]} 31. Be2
{[%clk 0:17:55]} Rh6 {[%clk 0:34:22]} 32. Bg4 {[%clk 0:12:55]} Bxg4
{[%clk 0:33:52]} 33. Kxg4 {[%clk 0:13:20]} Rh8 {[%clk 0:31:31]} 34. Rd6
{[%clk 0:13:17]} Rf8 {[%clk 0:30:17]} 35. Rf2 {[%clk 0:12:03]} Rh8
{[%clk 0:29:38]} 36. Rf1 {[%clk 0:09:47]} Rf8 {[%clk 0:30:02]} 37. h5
{[%clk 0:08:30]} gxh5+ {[%clk 0:30:00]} 38. Kh4 {[%clk 0:08:32]} Rh8
{[%clk 0:27:07]} 39. Rf5 {[%clk 0:08:32]} Kf8 {[%clk 0:23:08]} 40. Rxh5
{[%clk 0:37:57]} Rxh5+ {[%clk 0:53:34]} 41. Kxh5 {[%clk 0:38:20]} Ke8
{[%clk 0:45:53]} 42. Kh6 {[%clk 0:37:09]} Rc7 {[%clk 0:45:26]} 43. Kg7
{[%clk 0:36:28]} Ke7 {[%clk 0:45:17]} 44. Rf6 {[%clk 0:33:42]} Ke8
{[%clk 0:45:19]} 45. Rf5 {[%clk 0:32:02]} Rd7 {[%clk 0:43:37]} 46. Kf6
{[%clk 0:32:04]} Kf8 {[%clk 0:33:19]} 47. Rh5 {[%clk 0:31:33]} Kg8
{[%clk 0:33:45]} 48. Rg5+ {[%clk 0:31:50]} Kf8 {[%clk 0:34:04]} 49. Rg7
{[%clk 0:31:26]} 1-0

[Event "Czech Open A 1-44"]
[Site "?"]
[Date "2013.07.27"]
[Round "9.34"]
[White "Haba, Petr"]
[Black "Sergeyev, Alexander"]
[Result "1-0"]
[LiveChessVersion "1.4.2"]
[BlackElo "2368"]
[WhiteElo "2522"]

1. d4 {[%clk 1:30:35]} d5 {[%clk 1:30:52]} 2. c4 {[%clk 1:31:00]} c6
{[%clk 1:31:17]} 3. Nf3 {[%clk 1:31:21]} Nf6 {[%clk 1:31:44]} 4. Nc3
{[%clk 1:31:42]} dxc4 {[%clk 1:32:12]} 5. a4 {[%clk 1:31:54]} Bg4
{[%clk 1:32:38]} 6. Ne5 {[%clk 1:31:46]} Bh5 {[%clk 1:33:05]} 7. f3
{[%clk 1:31:57]} Na6 {[%clk 1:29:15]} 8. g4 {[%clk 1:22:37]} Bg6 {[%clk 1:29:19]}
9. h4 {[%clk 1:22:32]} Nb4 {[%clk 1:14:25]} 10. e4 {[%clk 1:22:17]} h5
{[%clk 1:09:01]} 11. Nxg6 {[%clk 1:06:38]} fxg6 {[%clk 1:09:25]} 12. g5
{[%clk 1:06:29]} Nd7 {[%clk 1:02:01]} 13. e5 {[%clk 0:52:51]} Nb6
{[%clk 0:49:12]} 14. a5 {[%clk 0:42:51]} N6d5 {[%clk 0:46:27]} 15. e6
{[%clk 0:37:13]} Qd6 {[%clk 0:41:52]} 16. Bh3 {[%clk 0:37:32]} Nd3+
{[%clk 0:40:50]} 17. Kf1 {[%clk 0:37:31]} N5f4 {[%clk 0:40:36]} 18. Ne4
{[%clk 0:26:13]} Qd5 {[%clk 0:40:41]} 19. Bxf4 {[%clk 0:26:06]} Nxf4
{[%clk 0:41:08]} 20. Nc3 {[%clk 0:25:32]} Qd6 {[%clk 0:40:43]} 21. Ne4
{[%clk 0:25:43]} Qd5 {[%clk 0:40:44]} 22. Nc3 {[%clk 0:26:00]} Qd6
{[%clk 0:41:10]} 23. Qe1 {[%clk 0:23:45]} Nd3 {[%clk 0:33:10]} 24. Qe3
{[%clk 0:21:51]} O-O-O {[%clk 0:31:02]} 25. Ne4 {[%clk 0:20:35]} Qb4
{[%clk 0:29:41]} 26. Rh2 {[%clk 0:19:55]} Rd5 {[%clk 0:29:57]} 27. Nc5
{[%clk 0:17:43]} Nxc5 {[%clk 0:26:57]} 28. dxc5 {[%clk 0:18:08]} c3
{[%clk 0:27:01]} 29. bxc3 {[%clk 0:16:40]} Qc4+ {[%clk 0:19:01]} 30. Kg1
{[%clk 0:16:02]} Rd3 {[%clk 0:16:45]} 31. Bf1 {[%clk 0:15:27]} Qg4+
{[%clk 0:16:08]} 32. fxg4 {[%clk 0:13:44]} Rxe3 {[%clk 0:16:35]} 33. Rd2
{[%clk 0:12:25]} Re5 {[%clk 0:14:40]} 34. c4 {[%clk 0:09:10]} Rxc5
{[%clk 0:14:23]} 35. a6 {[%clk 0:07:33]} Re5 {[%clk 0:09:02]} 36. axb7+
{[%clk 0:06:13]} Kxb7 {[%clk 0:09:03]} 37. Rb1+ {[%clk 0:05:33]} Kc8
{[%clk 0:09:00]} 38. c5 {[%clk 0:05:03]} Rd5 {[%clk 0:07:55]} 39. Ba6+
{[%clk 0:05:09]} Kc7 {[%clk 0:07:41]} 40. Rb7+ {[%clk 0:35:23]} Kc8
{[%clk 0:38:07]} 41. Rd7+ {[%clk 0:35:19]} 1-0

[Event "Czech Open A 1-44"]
[Site "?"]
[Date "2013.07.27"]
[Round "9.36"]
[White "Bures, Jaroslav"]
[Black "Harika, Dronavalli"]
[Result "0-1"]
[LiveChessVersion "1.4.2"]
[BlackElo "2489"]
[WhiteElo "2379"]

1. e4 {[%clk 1:30:56]} c5 {[%clk 1:24:55]} 2. Nf3 {[%clk 1:30:27]} Nc6
{[%clk 1:25:17]} 3. d4 {[%clk 1:30:53]} cxd4 {[%clk 1:25:42]} 4. Nxd4
{[%clk 1:31:21]} e5 {[%clk 1:26:03]} 5. Nb5 {[%clk 1:31:47]} d6 {[%clk 1:26:28]}
6. N1c3 {[%clk 1:32:10]} a6 {[%clk 1:26:12]} 7. Na3 {[%clk 1:32:37]} Be7
{[%clk 1:25:48]} 8. Nc4 {[%clk 1:30:41]} b5 {[%clk 1:25:07]} 9. Ne3
{[%clk 1:31:05]} Nf6 {[%clk 1:25:07]} 10. g3 {[%clk 1:29:57]} O-O
{[%clk 1:24:08]} 11. Bg2 {[%clk 1:29:11]} b4 {[%clk 1:23:39]} 12. Ncd5
{[%clk 1:29:02]} Nxd5 {[%clk 1:23:58]} 13. Nxd5 {[%clk 1:23:46]} Bg5
{[%clk 1:23:09]} 14. a3 {[%clk 1:09:59]} Bxc1 {[%clk 1:11:30]} 15. Qxc1
{[%clk 1:10:04]} Rb8 {[%clk 1:08:41]} 16. axb4 {[%clk 0:56:55]} Nxb4
{[%clk 1:08:37]} 17. Ne3 {[%clk 0:57:22]} f5 {[%clk 0:59:04]} 18. exf5
{[%clk 0:46:18]} d5 {[%clk 0:59:13]} 19. O-O {[%clk 0:46:12]} d4 {[%clk 0:59:35]}
20. Rd1 {[%clk 0:46:40]} Qf6 {[%clk 0:48:43]} 21. Nd5 {[%clk 0:46:21]} Nxd5
{[%clk 0:49:11]} 22. Bxd5+ {[%clk 0:46:46]} Kh8 {[%clk 0:49:37]} 23. g4
{[%clk 0:32:39]} g6 {[%clk 0:40:48]} 24. fxg6 {[%clk 0:32:38]} Bxg4
{[%clk 0:38:22]} 25. f3 {[%clk 0:32:55]} Bf5 {[%clk 0:21:56]} 26. gxh7
{[%clk 0:32:48]} Rbd8 {[%clk 0:21:37]} 27. c4 {[%clk 0:32:19]} Bh3
{[%clk 0:21:18]} 28. Qc2 {[%clk 0:20:30]} Rxd5 {[%clk 0:15:35]} 29. cxd5
{[%clk 0:20:54]} Qxf3 {[%clk 0:15:55]} 30. Qg6 {[%clk 0:15:56]} Qf2+
{[%clk 0:14:16]} 31. Kh1 {[%clk 0:16:12]} Qf3+ {[%clk 0:14:03]} 32. Kg1
{[%clk 0:16:40]} Qe3+ {[%clk 0:13:39]} 33. Kh1 {[%clk 0:17:08]} Bf5
{[%clk 0:13:41]} 0-1

[Event "Czech Open A 1-44"]
[Site "?"]
[Date "2013.07.27"]
[Round "9.37"]
[White "Sipos, Istvan"]
[Black "Vastrukhin, Oleg"]
[Result "1/2-1/2"]
[LiveChessVersion "1.4.2"]
[BlackElo "2360"]
[WhiteElo "2471"]

1. c4 {[%clk 1:30:58]} Nf6 {[%clk 1:30:55]} 2. Nc3 {[%clk 1:31:24]} d5
{[%clk 1:31:13]} 3. cxd5 {[%clk 1:31:49]} Nxd5 {[%clk 1:31:39]} 4. g3
{[%clk 1:32:10]} g6 {[%clk 1:31:53]} 5. Bg2 {[%clk 1:32:35]} Nb6 {[%clk 1:32:15]}
6. d3 {[%clk 1:32:25]} Bg7 {[%clk 1:32:35]} 7. h4 {[%clk 1:31:16]} h5
{[%clk 1:32:38]} 8. Nh3 {[%clk 1:29:41]} Nc6 {[%clk 1:32:03]} 9. Be3
{[%clk 1:25:45]} O-O {[%clk 1:24:22]} 10. O-O {[%clk 1:23:20]} Nd4
{[%clk 1:22:16]} 11. Ng5 {[%clk 1:22:26]} c6 {[%clk 1:20:44]} 12. Qd2
{[%clk 1:14:55]} Nd5 {[%clk 1:15:37]} 13. Nxd5 {[%clk 1:03:54]} cxd5
{[%clk 1:13:14]} 14. Nf3 {[%clk 0:58:45]} Nf5 {[%clk 1:07:51]} 15. Bf4
{[%clk 0:58:51]} Qb6 {[%clk 1:06:37]} 16. Rac1 {[%clk 0:55:50]} Re8
{[%clk 0:57:57]} 17. e4 {[%clk 0:50:43]} dxe4 {[%clk 0:54:52]} 18. dxe4
{[%clk 0:49:01]} Nd4 {[%clk 0:54:57]} 19. Nxd4 {[%clk 0:46:47]} Qxd4
{[%clk 0:54:26]} 20. Qxd4 {[%clk 0:36:02]} Bxd4 {[%clk 0:51:18]} 21. b3
{[%clk 0:32:32]} e5 {[%clk 0:47:47]} 22. Bg5 {[%clk 0:29:41]} Bd7
{[%clk 0:41:33]} 23. Rc7 {[%clk 0:22:14]} Bc6 {[%clk 0:40:28]} 24. Rc1
{[%clk 0:22:40]} Bb6 {[%clk 0:38:43]} 25. Re7 {[%clk 0:22:56]} Rxe7
{[%clk 0:35:22]} 26. Bxe7 {[%clk 0:23:20]} Re8 {[%clk 0:35:46]} 27. Bc5
{[%clk 0:23:31]} Bxc5 {[%clk 0:36:00]} 28. Rxc5 {[%clk 0:23:57]} f6
{[%clk 0:36:10]} 29. b4 {[%clk 0:16:31]} a6 {[%clk 0:35:18]} 30. f3
{[%clk 0:15:53]} Rd8 {[%clk 0:33:31]} 31. Bf1 {[%clk 0:16:19]} Rd1
{[%clk 0:33:44]} 32. Kf2 {[%clk 0:16:20]} Kf8 {[%clk 0:29:06]} 1/2-1/2

[Event "Czech Open A 1-44"]
[Site "?"]
[Date "2013.07.27"]
[Round "9.38"]
[White "Klenburg, Mikhail"]
[Black "Kovalev, Andrei"]
[Result "0-1"]
[LiveChessVersion "1.4.2"]
[BlackElo "2470"]
[WhiteElo "2368"]

1. g3 {[%clk 1:30:53]} e5 {[%clk 1:30:47]} 2. c4 {[%clk 1:31:10]} f5
{[%clk 1:27:14]} 3. Nc3 {[%clk 1:30:46]} Nf6 {[%clk 1:27:17]} 4. Bg2
{[%clk 1:31:06]} Nc6 {[%clk 1:27:33]} 5. d3 {[%clk 1:31:13]} Bb4 {[%clk 1:27:53]}
6. Nf3 {[%clk 1:30:07]} Bxc3+ {[%clk 1:19:12]} 7. bxc3 {[%clk 1:30:25]} O-O
{[%clk 1:19:21]} 8. O-O {[%clk 1:30:32]} d6 {[%clk 1:19:48]} 9. Bg5
{[%clk 1:28:23]} Qe8 {[%clk 1:13:53]} 10. Bxf6 {[%clk 1:25:07]} Rxf6
{[%clk 1:14:16]} 11. Nd2 {[%clk 1:25:21]} Rb8 {[%clk 1:06:58]} 12. Qb3
{[%clk 1:16:17]} Kh8 {[%clk 1:03:44]} 13. Bxc6 {[%clk 1:15:42]} Qxc6
{[%clk 1:04:07]} 14. Qb5 {[%clk 1:16:05]} Qd7 {[%clk 1:02:50]} 15. Qxd7
{[%clk 1:16:11]} Bxd7 {[%clk 1:03:17]} 16. Rfb1 {[%clk 1:12:20]} b6
{[%clk 1:00:45]} 17. e3 {[%clk 1:09:52]} Re8 {[%clk 0:59:14]} 18. Re1
{[%clk 1:09:02]} Ba4 {[%clk 0:52:21]} 19. Rac1 {[%clk 1:09:12]} g5
{[%clk 0:49:54]} 20. f3 {[%clk 1:06:48]} Kg7 {[%clk 0:48:29]} 21. Kf2
{[%clk 1:06:57]} e4 {[%clk 0:46:33]} 22. dxe4 {[%clk 1:05:24]} fxe4
{[%clk 0:46:58]} 23. f4 {[%clk 1:05:52]} Bd7 {[%clk 0:42:33]} 24. Kg2
{[%clk 1:01:09]} gxf4 {[%clk 0:38:18]} 25. gxf4 {[%clk 1:01:22]} Rh6
{[%clk 0:33:56]} 26. Kh1 {[%clk 0:55:56]} Kf6 {[%clk 0:34:09]} 27. Rg1
{[%clk 0:56:04]} Rh5 {[%clk 0:34:19]} 28. Rg3 {[%clk 0:55:03]} Ra5
{[%clk 0:34:40]} 29. Rc2 {[%clk 0:55:06]} Rc5 {[%clk 0:29:50]} 30. Rb2
{[%clk 0:47:02]} a6 {[%clk 0:29:58]} 31. Kg1 {[%clk 0:46:19]} b5 {[%clk 0:28:15]}
32. cxb5 {[%clk 0:46:24]} axb5 {[%clk 0:28:27]} 33. Rb3 {[%clk 0:45:27]} Bc6
{[%clk 0:22:34]} 34. Rh3 {[%clk 0:40:57]} Ra8 {[%clk 0:19:15]} 35. a3
{[%clk 0:40:16]} h5 {[%clk 0:17:58]} 36. Kf2 {[%clk 0:33:41]} Ra4
{[%clk 0:15:03]} 37. Nb1 {[%clk 0:32:57]} Bd5 {[%clk 0:11:16]} 38. Rb4
{[%clk 0:30:59]} Be6 {[%clk 0:11:08]} 39. Rg3 {[%clk 0:30:48]} Bc4
{[%clk 0:08:56]} 40. Nd2 {[%clk 0:59:02]} Bd3 {[%clk 0:38:58]} 41. Rxa4
{[%clk 0:58:20]} bxa4 {[%clk 0:39:24]} 42. c4 {[%clk 0:58:45]} Rc6
{[%clk 0:36:21]} 43. Rg5 {[%clk 0:54:13]} Rb6 {[%clk 0:36:35]} 44. Ra5
{[%clk 0:53:26]} Rb2 {[%clk 0:34:36]} 45. Ke1 {[%clk 0:53:48]} Bc2
{[%clk 0:33:40]} 46. Rxh5 {[%clk 0:42:09]} Ra2 {[%clk 0:34:04]} 47. c5
{[%clk 0:42:34]} Rxa3 {[%clk 0:31:19]} 48. cxd6 {[%clk 0:39:27]} cxd6
{[%clk 0:31:37]} 49. Nc4 {[%clk 0:39:04]} Ra1+ {[%clk 0:31:44]} 50. Kd2
{[%clk 0:38:11]} Bb3 {[%clk 0:31:13]} 51. Na5 {[%clk 0:34:20]} Bf7
{[%clk 0:30:27]} 52. Rh6+ {[%clk 0:29:56]} Kg7 {[%clk 0:30:27]} 53. Rxd6
{[%clk 0:30:06]} a3 {[%clk 0:30:54]} 54. Kc2 {[%clk 0:30:12]} a2 {[%clk 0:29:32]}
0-1

[Event "Czech Open A 1-44"]
[Site "?"]
[Date "2013.07.27"]
[Round "9.39"]
[White "Chos, Alexey"]
[Black "Smith, Bryan"]
[Result "1/2-1/2"]
[LiveChessVersion "1.4.2"]
[BlackElo "2456"]
[WhiteElo "2362"]

1. e4 {[%clk 1:30:30]} c5 {[%clk 1:30:34]} 2. Nf3 {[%clk 1:30:55]} g6 3. Nc3
{[%clk 1:30:31]} Bg7 {[%clk 1:31:21]} 4. d4 {[%clk 1:30:50]} cxd4
{[%clk 1:31:48]} 5. Nxd4 {[%clk 1:31:15]} Nc6 {[%clk 1:32:13]} 6. Be3
{[%clk 1:30:53]} Nf6 {[%clk 1:32:30]} 7. Bc4 {[%clk 1:31:16]} O-O
{[%clk 1:32:46]} 8. Bb3 {[%clk 1:30:55]} a5 {[%clk 1:32:53]} 9. a3
{[%clk 1:30:29]} Ng4 {[%clk 1:33:10]} 10. Qxg4 {[%clk 1:28:00]} Nxd4
{[%clk 1:33:20]} 11. Rd1 {[%clk 1:28:03]} 1/2-1/2

[Event "Czech Open A 1-44"]
[Site "?"]
[Date "2013.07.27"]
[Round "9.41"]
[White "Jansa, Vlastimil"]
[Black "Meissner, Felix"]
[Result "1-0"]
[LiveChessVersion "1.4.2"]
[BlackElo "2285"]
[WhiteElo "2442"]

1. e4 {[%clk 1:30:30]} c5 {[%clk 1:30:54]} 2. Nf3 {[%clk 1:31:09]} d6
{[%clk 1:31:13]} 3. d4 {[%clk 1:31:31]} cxd4 {[%clk 1:31:28]} 4. Nxd4
{[%clk 1:31:56]} Nf6 {[%clk 1:31:48]} 5. Nc3 {[%clk 1:32:23]} a6 {[%clk 1:32:14]}
6. Bd3 {[%clk 1:32:32]} Nbd7 {[%clk 1:31:09]} 7. f4 {[%clk 1:29:56]} e6
{[%clk 1:23:32]} 8. Qe2 {[%clk 1:27:09]} Nc5 {[%clk 1:21:19]} 9. O-O
{[%clk 1:20:22]} Be7 {[%clk 1:19:55]} 10. Kh1 {[%clk 1:19:30]} Nxd3
{[%clk 1:16:42]} 11. cxd3 {[%clk 1:19:19]} O-O {[%clk 1:16:10]} 12. Be3
{[%clk 1:17:53]} Nd7 {[%clk 1:06:03]} 13. Rf3 {[%clk 1:15:08]} Bf6
{[%clk 1:02:06]} 14. Raf1 {[%clk 1:14:03]} Re8 {[%clk 0:57:23]} 15. Rg3
{[%clk 1:09:04]} g6 {[%clk 0:47:21]} 16. Nf3 {[%clk 1:01:07]} b5 {[%clk 0:44:53]}
17. e5 {[%clk 0:48:14]} Bg7 {[%clk 0:38:50]} 18. Ne4 {[%clk 0:46:29]} dxe5
{[%clk 0:38:22]} 19. fxe5 {[%clk 0:45:46]} Rf8 {[%clk 0:30:42]} 20. Bg5
{[%clk 0:43:34]} Qb6 {[%clk 0:30:03]} 21. Nf6+ {[%clk 0:41:24]} Bxf6
{[%clk 0:27:16]} 22. Bxf6 {[%clk 0:34:41]} Nxf6 {[%clk 0:25:46]} 23. exf6
{[%clk 0:35:07]} e5 {[%clk 0:25:29]} 24. Qxe5 {[%clk 0:32:25]} Qe6
{[%clk 0:22:15]} 25. Qf4 {[%clk 0:27:33]} Qf5 {[%clk 0:19:35]} 26. Qh4
{[%clk 0:23:23]} Qxd3 {[%clk 0:18:17]} 27. Re1 {[%clk 0:23:02]} Qd6
{[%clk 0:13:45]} 28. Ng5 {[%clk 0:16:53]} h5 {[%clk 0:13:57]} 29. Ne4
{[%clk 0:15:06]} Qb4 {[%clk 0:12:46]} 30. Rg5 {[%clk 0:13:41]} Bg4
{[%clk 0:07:36]} 31. a3 {[%clk 0:12:47]} Qxb2 {[%clk 0:03:49]} 32. Rxg4
{[%clk 0:12:56]} 1-0

[Event "Czech Open A 1-44"]
[Site "?"]
[Date "2013.07.27"]
[Round "9.42"]
[White "Kislik, Erik Andrew"]
[Black "Malakhov, Igor"]
[Result "1/2-1/2"]
[LiveChessVersion "1.4.2"]
[BlackElo "2442"]
[WhiteElo "2345"]

1. d4 {[%clk 1:13:53]} Nf6 {[%clk 1:30:55]} 2. c4 {[%clk 1:14:21]} c5
{[%clk 1:31:18]} 3. d5 {[%clk 1:14:45]} g6 {[%clk 1:31:34]} 4. Nc3
{[%clk 1:15:13]} Bg7 {[%clk 1:32:00]} 5. e4 {[%clk 1:15:38]} O-O {[%clk 1:32:26]}
6. Nf3 {[%clk 1:16:03]} d6 {[%clk 1:32:51]} 7. h3 {[%clk 1:16:27]} e6
{[%clk 1:33:06]} 8. Bd3 {[%clk 1:16:49]} exd5 {[%clk 1:33:19]} 9. exd5
{[%clk 1:17:18]} Re8+ {[%clk 1:32:13]} 10. Be3 {[%clk 1:17:45]} Nh5
{[%clk 1:32:39]} 11. O-O {[%clk 1:18:04]} Nd7 {[%clk 1:33:06]} 12. Qd2
{[%clk 1:18:23]} Ne5 {[%clk 1:33:29]} 13. Be2 {[%clk 1:18:41]} 1/2-1/2